[Event "Josef Kupper Memorial 2019"]
[Site "Zurich"]
[Date "2019.08.17"]
[Round "6.4"]
[White "Pavlovic, Milos"]
[Black "Kovalenko, Igor"]
[Result "0-1"]
[WhiteElo "2502"]
[BlackElo "2654"]
[Annotator "TA"]
[PlyCount "176"]
[EventDate "2019.08.14"]
[EventType "swiss"]
[EventCountry "SUI"]
[SourceTitle "playchess.com"]
[Source "ChessBase"]
[SourceQuality "1"]

{[%evp 17,176,13,14,16,52,32,39,22,46,23,29,24,47,30,28,0,0,0,0,0,6,-28,0,-1,0,0,0,0,0,0,4,17,13,14,58,46,50,49,62,34,23,24,37,34,39,15,14,20,20,14,15,17,16,7,7,9,27,0,0,0,0,0,14,29,19,14,17,2,27,0,0,0,0,0,0,0,0,0,0,0,0,0,0,0,0,0,0,0,0,0,0,0,0,0,0,0,0,0,0,0,0,0,0,0,0,0,0,0,0,0,0,0,0,0,0,0,0,0,0,0,0,0,0,0,0,0,0,0,0,0,0,0,0,0,0,0,0,0,0,0,0,0,0,0,0,0,0,0,0,0,0,0,0,0,0,0,0,-29976,-29977,-29972,-29959]} 1. d4 Nf6 2. Nf3 g6 3. b3 Bg7 4. Bb2 b6 5. e3 Bb7 6. Be2 O-O 7. O-O e6 8. c4 d6 9. Nc3 Nbd7 10. Qc2 {E61: King's Indian: Early deviations for White, including Smyslov System} h5 $146 ({Predecessor:} 10... c5 11. Rad1 Qe7 12. dxc5 Nxc5 13. Qb1 Rfd8 14. Qa1 Rac8 15. Rc1 e5 16. Rfd1 Nce4 17. Nd5 Bxd5 18. cxd5 {0-1 (65) Harvey,M (2275)-Vachier Lagrave,M (2803) chess.com INT 2017}) 11. Rfd1 Qe7 12. b4 {White is slightly better.} Nh7 13. c5 bxc5 14. bxc5 Ng5 15. cxd6 cxd6 16. Nxg5 Qxg5 {[%csl Gb7][%cal Rg5g2]} 17. Ne4 Qf5 18. Bd3 $1 Rfc8 19. Nc3 {[#]} Qg4 $1 {[%csl Gb7][%cal Rg4g2][%mdl 512]} 20. Bf1 $1 Bf3 21. Rdc1 e5 22. h3 $36 {[%mdl 2048] Black is under pressure.} Qg5 23. Ne4 Qd8 24. Qd3 {Rxc8 is the strong threat.} Bxe4 25. Qxe4 Qb6 26. Rab1 Nf6 27. Qd3 e4 28. Qb3 Qxb3 29. axb3 Rcb8 30. Bc3 a5 31. Ra1 Rxb3 32. Rxa5 Rc8 33. Bd2 Rxc1 34. Bxc1 Rb1 35. Ba3 Bf8 36. g3 Kg7 37. Ra6 Nh7 38. Kg2 Ng5 39. Be2 d5 40. Bxf8+ Kxf8 $11 {[%mdl 4096] Endgame KRB-KRN} 41. Rd6 Rb2 $1 {[%cal Rb2e2]} 42. Bd1 Rd2 43. Rxd5 (43. Bb3 {with more complications.} Nf3 44. g4 Ne1+ 45. Kg3 Nd3 46. Bxd5 Rxf2 47. Bxe4 Re2 48. Bxd3 Rxe3+ 49. Kf4) 43... Nxh3 $1 44. Kxh3 {And now Ba4 would win.} Rxd1 {KR-KR} 45. g4 hxg4+ 46. Kxg4 Rf1 47. Kg3 Kg7 48. Rd7 Kf6 49. Rd8 Kg5 50. d5 Rg1+ 51. Kh3 f5 52. d6 Kf6 53. Kh2 (53. Rg8 $5 {[%cal Rd6d7]} Ke6 54. Kh2 $15) 53... Rd1 54. Kg3 Ke6 55. Rg8 Rg1+ 56. Kh2 Rg4 57. Rd8 Rg5 58. Kh3 Rh5+ 59. Kg3 Rh6 60. Kg2 Rh7 61. Kg3 Rh1 62. Rg8 Rh6 63. Rd8 Rh7 64. Rg8 Kf6 65. Rf8+ Ke6 66. Rg8 Rh6 67. Rd8 Rh5 68. Kg2 Rg5+ 69. Kh3 Kd5 70. Kh2 $1 Kc6 71. Kh3 Rg1 72. Kh2 $1 {[%cal Rh2g1]} Rd1 73. Rc8+ Kd7 74. Rc7+ Ke6 75. Rg7 Kf6 76. Rd7 $1 Kg5 77. Kg3 Rd3 78. Kg2 Kg4 79. Rd8 Rd1 80. Rd7 Rd2 81. Rd8 Rd5 82. Rd7 Rd1 83. Rd8 Rd2 84. Rd7 f4 {White must now prevent ...fxe3.} 85. Re7 f3+ 86. Kg1 Rxd6 {Hoping for ...Rd2.} 87. Rxe4+ $2 {[%mdl 8192] [#]} (87. Kh2 $11) 87... Kh3 $1 {[%cal Rd6d1]} 88. Rd4 Ra6 {Accuracy: White = 70%, Black = 75%.} 0-1

[Event "Josef Kupper Memorial 2019"]
[Site "Zurich"]
[Date "2019.08.17"]
[Round "6.5"]
[White "Iturrizaga Bonelli, Eduardo"]
[Black "Vaibhav, Suri"]
[Result "1/2-1/2"]
[WhiteElo "2635"]
[BlackElo "2591"]
[Annotator "TA"]
[PlyCount "46"]
[EventDate "2019.08.14"]
[EventType "swiss"]
[EventCountry "SUI"]
[SourceTitle "playchess.com"]
[Source "ChessBase"]
[SourceQuality "1"]

{[%evp 13,46,0,0,0,0,0,0,0,10,-29,9,0,0,8,15,0,11,0,4,0,11,0,0,0,0,0,0,0,0,2,0,0,0,0,7]} 1. c4 e5 2. Nc3 Nf6 3. Nf3 Nc6 4. e4 Bc5 5. Nxe5 Nxe5 6. d4 Bb4 7. dxe5 Nxe4 $1 8. Qf3 {A28: English Opening: Four Knights Variation} Nxc3 9. bxc3 Ba5 (9... Be7 10. Qg3 g6 11. Bh6 d6 12. Be2 Be6 13. Rd1 Qd7 14. exd6 cxd6 15. O-O O-O-O {1-0 (24) Carlsen,M (2835)-Giri,A (2783) St Petersburg 2018}) 10. Be2 d6 11. O-O (11. Qg3 {keeps more tension.} O-O 12. Bh6 Bxc3+ 13. Qxc3 gxh6 14. Rd1) 11... O-O $146 ({Predecessor:} 11... dxe5 12. Ba3 Qf6 13. Qe3 c6 14. Bf3 Bb6 15. Qe2 Be6 {0-1 (37) Ju,W (2557)-Kosteniuk,A (2529) Chengdu 2015}) 12. Rd1 {The position is equal.} Re8 13. exd6 Bd7 14. Bf1 cxd6 15. Bf4 Qf6 16. Rac1 Rac8 17. Rxd6 Be6 $1 18. Rd4 Bb6 19. Re4 $1 g5 20. Qg3 Bxc4 21. Rxe8+ Rxe8 22. Bxc4 Qxf4 23. Qxf4 gxf4 {Accuracy: White = 57%, Black = 63%.} 1/2-1/2

[Event "Josef Kupper Memorial 2019"]
[Site "Zurich"]
[Date "2019.08.17"]
[Round "6.6"]
[White "Epishin, Vladimir"]
[Black "Bauer, Christian"]
[Result "1/2-1/2"]
[WhiteElo "2553"]
[BlackElo "2626"]
[Annotator "TA"]
[PlyCount "28"]
[EventDate "2019.08.14"]
[EventType "swiss"]
[EventCountry "SUI"]
[SourceTitle "playchess.com"]
[Source "ChessBase"]
[SourceQuality "1"]

{[%evp 9,28,20,11,14,29,-5,29,33,29,22,35,41,37,34,55,17,31,14,29,12,28]} 1. d4 d5 2. Nf3 Nf6 3. c4 e6 4. e3 a6 5. b3 (5. Nc3 dxc4 6. Bxc4 b5 7. Be2 Bb7 8. O-O Nbd7 9. b3 c5 10. Bb2 Be7 11. Rc1 O-O 12. Qc2 Rc8 13. Qb1 Qb6 14. Rfd1 Rfd8 15. h3 h6 16. dxc5 Nxc5 17. Rxd8+ Rxd8 {0-1 (59) Mamedyarov,S (2817)-Carlsen,M (2835) St Petersburg 2018}) 5... c5 6. cxd5 {D30: Queen's Gambit Declined: Systems without Nc3} exd5 7. Be2 Nc6 8. O-O {White has an edge.} cxd4 9. Nxd4 Bd6 10. Ba3 Bxa3 11. Nxa3 O-O 12. Nac2 {[%cal Ba3c2,Bc2e1,Be1f3][%mdl 32]} Qd6 $146 ({Predecessor:} 12... Ne4 13. f3 Nc3 14. Qd2 Nxe2+ 15. Nxe2 Be6 {1-0 (28) Jordan,T (1960)-Goho,S (1799) IECC email 2006}) 13. Ne1 Bd7 (13... Be6 $5) 14. Nef3 Ne4 1/2-1/2

[Event "Josef Kupper Memorial 2019"]
[Site "Zurich"]
[Date "2019.08.17"]
[Round "6.7"]
[White "Zysk, Robert"]
[Black "Van Foreest, Jorden"]
[Result "1/2-1/2"]
[WhiteElo "2404"]
[BlackElo "2626"]
[Annotator "TA"]
[PlyCount "71"]
[EventDate "2019.08.14"]
[EventType "swiss"]
[EventCountry "SUI"]
[SourceTitle "playchess.com"]
[Source "ChessBase"]
[SourceQuality "1"]

{[%evp 17,71,7,7,7,12,11,22,12,25,25,18,24,18,13,16,2,22,19,29,34,37,2,4,4,8,11,16,14,14,6,16,18,26,14,18,0,0,-14,0,0,-3,-21,0,-20,-13,-5,-16,-20,0,0,0,0,0,0,0,0]} 1. d4 Nf6 2. c4 g6 3. Nc3 d5 4. Nf3 Bg7 5. Bg5 Ne4 6. Bf4 Nxc3 7. bxc3 c5 8. e3 O-O 9. cxd5 Qxd5 10. Be2 {D80: Grünfeld: Unusual White 4th moves and 4 Bg5} b6 $146 ({Predecessor:} 10... cxd4 11. cxd4 Qa5+ 12. Qd2 Nc6 13. Qxa5 Nxa5 14. Kd2 Be6 15. Rhc1 Rfc8 16. Bd3 Rxc1 17. Kxc1 Rc8+ 18. Kd2 Bd5 19. e4 Bc4 20. Rc1 b5 {½-½ (48) So,W (2780)-Wei,Y (2729) chess.com INT 2018}) 11. O-O {And now Ne5 would win.} Bb7 12. Qb3 e6 13. Qxd5 Bxd5 14. Rfc1 Rd8 15. Nd2 Nd7 16. Bc7 Rdc8 17. Bg3 Nf6 18. Ba6 Rd8 19. Be5 Ne8 20. Bxg7 Kxg7 21. f3 Nc7 22. Bf1 Bb7 23. Nb3 cxd4 24. cxd4 Rac8 25. Kf2 Nd5 {The position is equal.} 26. Bc4 f5 27. a3 Kf7 28. Bxd5 Bxd5 29. Nd2 Ke7 30. e4 Bb7 31. Ke3 $1 Ba6 32. Nb3 Kd6 33. g3 g5 34. Rxc8 Rxc8 35. Rc1 Rxc1 36. Nxc1 {Accuracy: White = 79%, Black = 39%.} 1/2-1/2

[Event "Josef Kupper Memorial 2019"]
[Site "Zurich"]
[Date "2019.08.17"]
[Round "6.8"]
[White "Svane, Rasmus"]
[Black "Wagner, Dennis"]
[Result "0-1"]
[WhiteElo "2610"]
[BlackElo "2579"]
[Annotator "TA"]
[PlyCount "80"]
[EventDate "2019.08.14"]
[EventType "swiss"]
[EventCountry "SUI"]
[SourceTitle "playchess.com"]
[Source "ChessBase"]
[SourceQuality "1"]

{[%evp 17,104,15,27,29,62,32,33,16,48,52,49,52,56,54,67,59,70,59,89,29,64,85,92,47,47,27,115,11,26,13,7,0,0,7,0,-37,-26,-36,-29,-40,-45,-300,-200,-200,-194,-200,-194,-206,-197,-200,-198,-204,-191,-254,-262,-541,-550,-631,-629,-512,-512,-501,-496,-677,-630,-615,-601,-735,-725,-5122,-728,-706,-698,-685,-675,-1328,-1317,-1124,-1017,-1046,-1202,-973,-973,-958,-958,-1291,-1264,-29977,-29978]} 1. e4 c5 2. Nf3 e6 3. c3 d5 4. exd5 Qxd5 5. d4 Nf6 6. Na3 Qd8 7. Nc4 Be7 8. Bd3 Nbd7 9. O-O O-O 10. Bf4 {B22: Sicilian: 2 c3} b6 11. Qe2 (11. Nd6 Nh5 12. Be5 Nxe5 13. dxe5 Bxd6 14. exd6 Bb7 15. Re1 Nf6 16. Ne5 g6 17. Bb5 Qc8 {½-½ (59) Adhiban,B (2653)-Van Wely,L (2695) Wijk aan Zee 2017}) 11... Bb7 12. Rfd1 $146 {White is slightly better.} ({Predecessor:} 12. dxc5 Nxc5 13. Bc2 Be4 14. Rad1 Qc8 15. Bxe4 Ncxe4 {1-0 (71) Bojkovic,N (2391)-Bashkite,V (2131) Dresden 2004}) 12... cxd4 13. Nxd4 Nc5 14. Bc2 {Strongly threatening Nxe6.} Qd5 {[%csl Gb7][%cal Rd5g2]} 15. Qf1 Qh5 16. Re1 g5 17. Be5 Nd5 18. Nd6 (18. Rad1 $16) 18... Ba6 19. N6b5 $1 Bb7 20. Bd1 Qg6 $1 21. Bf3 {aiming for b4.} Rfd8 {[#]} (21... g4 $11 {keeps the balance.} 22. Bxd5 Bxd5) 22. Rad1 (22. b4 $1 $16 {[%cal Rb4c5]} Nd3 23. Be4 {[%mdl 64] Double Attack} Nxe5 24. Bxg6 Nxg6 25. Ne2) 22... g4 $11 23. Bxd5 Bxd5 24. Nc7 Rac8 {[%cal Ba8c8,Bc8c4,Bc4c5,Bc5e5][%mdl 32]} 25. Nxd5 Rxd5 26. c4 Rdd8 27. Qe2 h5 $36 {[%mdl 2048] White is under pressure.} 28. Nb5 Nd3 29. Rf1 $2 {[%mdl 8192]} (29. Nd6 $1 $15 Bxd6 30. Rxd3 Bxe5 31. Rxd8+ Rxd8 32. Qxe5) 29... Rxc4 {Hoping for ...Re4.} 30. Nd6 {[#]} Rc5 $1 ({Resist} 30... Bxd6 31. Qxd3 Qxd3 32. Rxd3 $17) 31. Rxd3 Rxe5 $1 {[%mdl 64] Deflection} 32. Qxe5 Qxd3 33. Ne4 Qd4 34. Qc7 Rd7 ({Don't play} 34... Qxe4 35. Qxe7 Rd5 36. Qxa7 $17) 35. Qb8+ (35. Qc8+ {was called for.} Kg7 36. g3) 35... Kg7 $19 36. Ng3 $2 (36. Qc8) 36... h4 37. Ne2 Qxb2 38. Qe8 Rc7 ({And not} 38... Qxe2 39. Qxd7 Bf6 40. Qxa7 $11) 39. Nf4 {Now Nh5+ and White clings on.} Qe5 40. Nd3 Qf5 {Played: Qe5-d4} 0-1

[Event "Josef Kupper Memorial 2019"]
[Site "Zurich"]
[Date "2019.08.17"]
[Round "6.9"]
[White "Bogner, Sebastian"]
[Black "Harsha Bharathakoti"]
[Result "1/2-1/2"]
[WhiteElo "2569"]
[BlackElo "2489"]
[Annotator "ChessBase"]
[PlyCount "77"]
[EventDate "2019.08.14"]
[EventType "swiss"]
[EventCountry "SUI"]
[SourceTitle "playchess.com"]
[Source "ChessBase"]
[SourceQuality "1"]
[TimeControl "40/5400+30:1800+30"]

1. d4 {[%emt 0:01:52]} Nf6 {[%emt 0:00:13]} 2. c4 {[%emt 0:00:12]} e6 {[%emt 0:00:14]} 3. Nf3 {[%emt 0:00:34]} d5 {[%emt 0:00:21]} 4. Nc3 {[%emt 0:00:22]} Bb4 {[%emt 0:00:56]} 5. Qa4+ {[%emt 0:10:38]} Nc6 {[%emt 0:00:22]} 6. Bg5 {[%emt 0:02:33]} dxc4 {[%emt 0:08:19]} 7. e4 {[%emt 0:16:41]} Bd7 {[%emt 0:14:33]} 8. Qc2 {[%emt 0:01:10]} h6 {[%emt 0:12:03]} 9. Bd2 {[%emt 0:05:54]} b5 {[%emt 0:03:41]} 10. Nxb5 {[%emt 0:04:33]} Bxd2+ {[%emt 0:00:26]} 11. Nxd2 {[%emt 0:05:33]} a6 {[%emt 0:05:29]} 12. Na3 {[%emt 0:01:20]} Nxd4 {[%emt 0:00:17]} 13. Qxc4 {[%emt 0:00:59]} Bb5 {[%emt 0:06:23]} 14. Qc5 {[%emt 0:04:10]} Qd6 {[%emt 0:03:11]} 15. Rc1 {[%emt 0:01:45]} O-O {[%emt 0:01:35]} 16. f3 {[%emt 0:09:36]} Rfc8 {[%emt 0:14:12]} 17. Rc3 {[%emt 0:03:18]} e5 {[%emt 0:15:33]} 18. Kf2 {[%emt 0:05:20]} Qe6 {[%emt 0:06:01]} 19. Nb3 {[%emt 0:04:14]} Nxb3 {[%emt 0:03:32]} 20. axb3 {[%emt 0:03:44]} Rd8 {[%emt 0:00:03]} 21. Qe3 {[%emt 0:03:10]} Rd1 {[%emt 0:00:59]} 22. Rg1 {[%emt 0:04:11]} Bxf1 {[%emt 0:01:57]} 23. Rxf1 {[%emt 0:00:12]} Rxf1+ {[%emt 0:00:34]} 24. Kxf1 {[%emt 0:00:01]} Rb8 {[%emt 0:00:03]} 25. Nc4 {[%emt 0:01:24]} Rb5 {[%emt 0:00:05]} 26. Nd2 {[%emt 0:02:56]} Ne8 {[%emt 0:00:40]} 27. Qd3 {[%emt 0:01:55]} Kh7 {[%emt 0:01:11]} 28. Qc4 {[%emt 0:00:45]} Qd7 {[%emt 0:00:17]} 29. Ke2 {[%emt 0:00:51]} Rb6 {[%emt 0:00:33]} 30. Rd3 {[%emt 0:00:57]} Qe7 {[%emt 0:00:44]} 31. g3 {[%emt 0:01:19]} Nd6 {[%emt 0:00:19]} 32. Qc5 {[%emt 0:00:30]} Qe6 {[%emt 0:00:31]} 33. Kf2 {[%emt 0:01:28]} Qe7 {[%emt 0:00:39]} 34. Rc3 {[%emt 0:00:56]} Qg5 {[%emt 0:00:22]} 35. Qe3 {[%emt 0:00:53]} Qe7 {[%emt 0:00:33]} 36. Qc5 {[%emt 0:00:14]} Qg5 {[%emt 0:00:03]} 37. Qe3 {[%emt 0:00:36]} Qe7 {[%emt 0:00:15]} 38. Qc5 {[%emt 0:01:23]} Qg5 {[%emt 0:00:12]} 39. Qe3 {[%emt 0:00:42]} 1/2-1/2

[Event "Josef Kupper Memorial 2019"]
[Site "Zurich"]
[Date "2019.08.17"]
[Round "6.10"]
[White "Theodorou, Nikolas"]
[Black "Arjun Kalyan"]
[Result "1-0"]
[WhiteElo "2548"]
[BlackElo "2482"]
[Annotator "ChessBase"]
[PlyCount "75"]
[EventDate "2019.08.14"]
[EventType "swiss"]
[EventCountry "SUI"]
[SourceTitle "playchess.com"]
[Source "ChessBase"]
[SourceQuality "1"]
[TimeControl "40/5400+30:1800+30"]

1. d4 {[%emt 0:01:00]} d5 {[%emt 0:00:00]} 2. c4 {[%emt 0:00:04]} e6 {[%emt 0:00:00]} 3. Nf3 {[%emt 0:00:20]} Nf6 {[%emt 0:00:04]} 4. g3 {[%emt 0:00:03]} dxc4 {[%emt 0:00:26]} 5. Bg2 {[%emt 0:00:03]} Nc6 {[%emt 0:00:18]} 6. O-O {[%emt 0:00:16]} Rb8 {[%emt 0:00:21]} 7. b3 {[%emt 0:01:09]} cxb3 {[%emt 0:02:59]} 8. axb3 {[%emt 0:00:06]} a6 {[%emt 0:08:57]} 9. Bb2 {[%emt 0:01:01]} Be7 {[%emt 0:01:31]} 10. Nbd2 {[%emt 0:04:19]} O-O {[%emt 0:00:23]} 11. Nc4 {[%emt 0:01:07]} Nd5 {[%emt 0:14:58]} 12. e4 {[%emt 0:02:25]} Ndb4 {[%emt 0:01:50]} 13. Ne3 {[%emt 0:00:04]} b6 {[%emt 0:06:15]} 14. h4 {[%emt 0:03:28]} Na5 {[%emt 0:05:16]} 15. h5 {[%emt 0:04:42]} h6 {[%emt 0:01:45]} 16. Ne5 {[%emt 0:08:18]} c5 {[%emt 0:05:06]} 17. d5 {[%emt 0:00:09]} exd5 {[%emt 0:04:20]} 18. exd5 {[%emt 0:01:16]} Re8 {[%emt 0:03:10]} 19. Re1 {[%emt 0:05:05]} Bf6 {[%emt 0:02:10]} 20. f4 {[%emt 0:02:02]} Nb7 {[%emt 0:11:41]} 21. Nc2 {[%emt 0:04:19]} Bg4 {[%emt 0:07:25]} 22. Qd2 {[%emt 0:06:58]} Bxe5 {[%emt 0:02:27]} 23. fxe5 {[%emt 0:00:37]} Nxc2 {[%emt 0:02:13]} 24. Qxc2 {[%emt 0:00:03]} Bxh5 {[%emt 0:00:26]} 25. Rxa6 {[%emt 0:02:16]} f6 {[%emt 0:03:35]} 26. Qf5 {[%emt 0:03:35]} g6 {[%emt 0:02:30]} 27. Qb1 {[%emt 0:00:38]} Qc7 {[%emt 0:02:56]} 28. g4 {[%emt 0:12:17]} Bxg4 {[%emt 0:00:12]} 29. Qxg6+ {[%emt 0:00:05]} Qg7 {[%emt 0:00:07]} 30. Qxg7+ {[%emt 0:00:03]} Kxg7 {[%emt 0:00:02]} 31. Rxb6 {[%emt 0:00:08]} Na5 {[%emt 0:00:59]} 32. exf6+ {[%emt 0:00:14]} Kf7 {[%emt 0:00:14]} 33. Rxe8 {[%emt 0:01:36]} Rxb6 {[%emt 0:00:25]} 34. Re7+ {[%emt 0:01:03]} Kf8 {[%emt 0:00:01]} 35. Be5 {[%emt 0:01:28]} Nxb3 {[%emt 0:00:30]} 36. d6 {[%emt 0:01:28]} Nd4 {[%emt 0:01:10]} 37. d7 {[%emt 0:00:17]} Rb1+ {[%emt 0:00:25]} 38. Kh2 {[%emt 0:00:06]} 1-0

[Event "Josef Kupper Memorial 2019"]
[Site "Zurich"]
[Date "2019.08.17"]
[Round "6.11"]
[White "Sukandar, Irine Kharisma"]
[Black "Puranik, Abhimanyu"]
[Result "1/2-1/2"]
[WhiteElo "2385"]
[BlackElo "2550"]
[Annotator "ChessBase"]
[PlyCount "58"]
[EventDate "2019.08.14"]
[EventType "swiss"]
[EventCountry "SUI"]
[SourceTitle "playchess.com"]
[Source "ChessBase"]
[SourceQuality "1"]
[TimeControl "40/5400+30:1800+30"]

1. e4 {[%emt 0:00:00]} e5 {[%emt 0:00:00]} 2. Nf3 {[%emt 0:00:00]} Nc6 {[%emt 0:00:00]} 3. d4 {[%emt 0:00:10]} exd4 {[%emt 0:00:00]} 4. Nxd4 {[%emt 0:00:08]} Qf6 {[%emt 0:00:00]} 5. Nb3 {[%emt 0:01:56]} Qg6 {[%emt 0:00:13]} 6. f3 {[%emt 0:00:39]} Bd6 {[%emt 0:02:45]} 7. Nc3 {[%emt 0:00:26]} Nge7 {[%emt 0:03:03]} 8. g3 {[%emt 0:00:30]} O-O {[%emt 0:03:07]} 9. Bg2 {[%emt 0:00:23]} Be5 {[%emt 0:02:41]} 10. O-O {[%emt 0:00:40]} Bxc3 {[%emt 0:00:42]} 11. bxc3 {[%emt 0:00:06]} d6 {[%emt 0:00:02]} 12. Nd4 {[%emt 0:01:57]} Bd7 {[%emt 0:06:30]} 13. f4 {[%emt 0:02:35]} f6 {[%emt 0:04:53]} 14. Qd3 {[%emt 0:11:38]} Rfe8 {[%emt 0:09:49]} 15. Bd2 {[%emt 0:06:07]} Rad8 {[%emt 0:10:10]} 16. Rab1 {[%emt 0:04:07]} b6 {[%emt 0:01:18]} 17. Nb5 {[%emt 0:05:30]} Rc8 {[%emt 0:01:11]} 18. c4 {[%emt 0:00:44]} Qh5 {[%emt 0:02:28]} 19. Nc3 {[%emt 0:09:24]} Nb4 {[%emt 0:05:42]} 20. Rxb4 {[%emt 0:07:48]} Qc5+ {[%emt 0:00:05]} 21. Kh1 {[%emt 0:00:21]} Qxb4 {[%emt 0:00:12]} 22. e5 {[%emt 0:00:31]} f5 {[%emt 0:11:49]} 23. Re1 {[%emt 0:13:07]} Qc5 {[%emt 0:02:20]} 24. Be3 {[%emt 0:06:54]} Qa3 {[%emt 0:00:59]} 25. Bc1 {[%emt 0:03:28]} Qa5 {[%emt 0:02:09]} 26. Bd2 {[%emt 0:00:36]} Qc5 {[%emt 0:07:13]} 27. Be3 {[%emt 0:04:59]} Qa3 {[%emt 0:01:44]} 28. Bc1 {[%emt 0:01:08]} Qb4 {[%emt 0:00:03]} 29. Bd2 {[%emt 0:00:29]} Qc5 {[%emt 0:10:42]} 1/2-1/2

[Event "Josef Kupper Memorial 2019"]
[Site "Zurich"]
[Date "2019.08.17"]
[Round "6.12"]
[White "Florescu, Codrut-Constantin"]
[Black "Chandra, Akshat"]
[Result "0-1"]
[WhiteElo "2314"]
[BlackElo "2528"]
[Annotator "ChessBase"]
[PlyCount "70"]
[EventDate "2019.08.14"]
[EventType "swiss"]
[EventCountry "SUI"]
[SourceTitle "playchess.com"]
[Source "ChessBase"]
[SourceQuality "1"]
[TimeControl "40/5400+30:1800+30"]

1. d4 {[%emt 0:00:00]} Nf6 {[%emt 0:02:06]} 2. Bf4 {[%emt 0:00:00]} c5 {[%emt 0:00:33]} 3. d5 {[%emt 0:00:05]} d6 {[%emt 0:00:08]} 4. Nc3 {[%emt 0:00:37]} a6 {[%emt 0:00:08]} 5. e4 {[%emt 0:08:55]} b5 {[%emt 0:01:32]} 6. Nf3 {[%emt 0:01:21]} b4 {[%emt 0:02:41]} 7. Na4 {[%emt 0:00:05]} Bd7 {[%emt 0:04:49]} 8. b3 {[%emt 0:07:06]} Bxa4 {[%emt 0:00:09]} 9. bxa4 {[%emt 0:00:04]} Nxe4 {[%emt 0:00:10]} 10. Bc4 {[%emt 0:01:56]} g6 {[%emt 0:01:06]} 11. O-O {[%emt 0:00:27]} Bg7 {[%emt 0:01:08]} 12. Qd3 {[%emt 0:04:39]} Nc3 {[%emt 0:06:28]} 13. Rae1 {[%emt 0:05:59]} O-O {[%emt 0:01:26]} 14. Ng5 {[%emt 0:02:15]} Nd7 {[%emt 0:01:54]} 15. h4 {[%emt 0:07:38]} Nf6 {[%emt 0:01:47]} 16. Re3 {[%emt 0:04:40]} Qd7 {[%emt 0:03:48]} 17. Rfe1 {[%emt 0:00:31]} Rae8 {[%emt 0:01:57]} 18. Rh3 {[%emt 0:14:07]} Qf5 {[%emt 0:02:08]} 19. Qxf5 {[%emt 0:01:08]} gxf5 {[%emt 0:00:04]} 20. Rd3 {[%emt 0:00:06]} a5 {[%emt 0:09:44]} 21. Bc1 {[%emt 0:03:41]} Ng4 {[%emt 0:08:12]} 22. Nf3 {[%emt 0:04:33]} Nxa4 {[%emt 0:01:58]} 23. Bb5 {[%emt 0:00:28]} Nc3 {[%emt 0:00:02]} 24. Bxe8 {[%emt 0:00:20]} Rxe8 {[%emt 0:00:02]} 25. Bg5 {[%emt 0:14:29]} Kf8 {[%emt 0:05:51]} 26. h5 {[%emt 0:00:06]} h6 {[%emt 0:11:18]} 27. Bd2 {[%emt 0:04:09]} Ne4 {[%emt 0:06:17]} 28. Be3 {[%emt 0:00:14]} c4 {[%emt 0:00:20]} 29. Rdd1 {[%emt 0:00:19]} Nc3 {[%emt 0:01:04]} 30. Rd2 {[%emt 0:01:53]} Nxe3 {[%emt 0:01:42]} 31. fxe3 {[%emt 0:02:36]} Nxa2 {[%emt 0:00:44]} 32. Nd4 {[%emt 0:00:04]} a4 {[%emt 0:01:12]} 33. Rb1 {[%emt 0:06:37]} a3 {[%emt 0:03:35]} 34. c3 {[%emt 0:01:07]} Nxc3 {[%emt 0:00:42]} 35. Rxb4 {[%emt 0:00:05]} Bxd4 {[%emt 0:00:14]} 0-1

[Event "Josef Kupper Memorial 2019"]
[Site "Zurich"]
[Date "2019.08.17"]
[Round "6.13"]
[White "Tan, Justin"]
[Black "Fischer, Daniel"]
[Result "1-0"]
[WhiteElo "2503"]
[BlackElo "2288"]
[Annotator "ChessBase"]
[PlyCount "67"]
[EventDate "2019.08.14"]
[EventType "swiss"]
[EventCountry "SUI"]
[SourceTitle "playchess.com"]
[Source "ChessBase"]
[SourceQuality "1"]
[TimeControl "40/5400+30:1800+30"]

1. d4 {[%emt 0:00:00]} Nf6 {[%emt 0:00:00]} 2. c4 {[%emt 0:00:00]} e6 {[%emt 0:00:00]} 3. g3 {[%emt 0:00:18]} c5 {[%emt 0:00:26]} 4. Nf3 {[%emt 0:01:09]} cxd4 {[%emt 0:00:33]} 5. Nxd4 {[%emt 0:00:04]} d5 {[%emt 0:00:11]} 6. Bg2 {[%emt 0:00:34]} e5 {[%emt 0:00:29]} 7. Nf3 {[%emt 0:04:13]} d4 {[%emt 0:00:13]} 8. O-O {[%emt 0:00:05]} Nc6 {[%emt 0:00:13]} 9. Bg5 {[%emt 0:00:46]} Be7 {[%emt 0:00:50]} 10. Na3 {[%emt 0:01:31]} Be6 {[%emt 0:03:51]} 11. Nd2 {[%emt 0:03:21]} h6 {[%emt 0:07:48]} 12. Bxf6 {[%emt 0:00:52]} Bxf6 {[%emt 0:00:05]} 13. Qa4 {[%emt 0:04:32]} Qd7 {[%emt 0:04:48]} 14. b4 {[%emt 0:02:48]} a5 {[%emt 0:12:04]} 15. b5 {[%emt 0:02:23]} Nb4 {[%emt 0:01:01]} 16. c5 {[%emt 0:05:33]} Bd5 {[%emt 0:01:19]} 17. Nac4 {[%emt 0:02:39]} Bxg2 {[%emt 0:01:48]} 18. Kxg2 {[%emt 0:02:02]} Qd5+ {[%emt 0:03:51]} 19. Kg1 {[%emt 0:00:14]} Qxc5 {[%emt 0:03:02]} 20. Ne4 {[%emt 0:01:07]} Qe7 {[%emt 0:01:11]} 21. Ncd6+ {[%emt 0:12:31]} Kf8 {[%emt 0:00:58]} 22. Qb3 {[%emt 0:02:40]} Qe6 {[%emt 0:06:27]} 23. Qxe6 {[%emt 0:02:23]} fxe6 {[%emt 0:00:05]} 24. Nxb7 {[%emt 0:03:26]} Ke7 {[%emt 0:12:01]} 25. Rfc1 {[%emt 0:01:51]} Nd5 {[%emt 0:02:36]} 26. a4 {[%emt 0:04:42]} Ra7 {[%emt 0:03:23]} 27. Nbd6 {[%emt 0:05:00]} Kd7 {[%emt 0:00:52]} 28. Rc6 {[%emt 0:02:17]} Rc7 {[%emt 0:06:26]} 29. Rac1 {[%emt 0:02:07]} Rb8 {[%emt 0:05:49]} 30. Rxc7+ {[%emt 0:03:58]} Nxc7 {[%emt 0:00:06]} 31. Rc6 {[%emt 0:00:27]} Nd5 {[%emt 0:03:57]} 32. Nc5+ {[%emt 0:00:40]} Ke7 {[%emt 0:00:16]} 33. Nc4 {[%emt 0:00:13]} Nc3 {[%emt 0:02:12]} 34. Rc7+ {[%emt 0:00:16]} 1-0